Statistics for Every Coolio song that hit the Billboard hot 100

Click here to take the quiz!

General Stats

  • This quiz has been taken 6 times
  • The average score is 3 of 6

Answer Stats

Peak Chart PositionYearSong% Correct
11995Gangsta's Paradise (From "Dangerous Minds")
100%
31994Fantastic Voyage
67%
519961, 2, 3, 4 (Sumpin' New)
50%
241996Too Hot
50%
121997C U When U Get There (From "Nothing To Lose")
17%
291996It's All The Way Live (Now) (From "Eddie")
17%

Score Distribution

Percentile by Number Answered

Percent of People with Each Score

Your Score History

You have not taken this quiz